header

Organic electronics (Record no. 36870)

MARC details
000 -LEADER
fixed length control field 01482nam a2200349 a 4500
082 04 - DEWEY DECIMAL CLASSIFICATION NUMBER
Classification number 621.381
245 00 - TITLE STATEMENT
Title Organic electronics
260 ## - PUBLICATION, DISTRIBUTION, ETC. (IMPRINT)
Place of publication Weinheim an der Bergstrasse, Germany :
Name of publisher Wiley-VCH,
Year of publication c2013.
300 ## - PHYSICAL DESCRIPTION
Number of Pages 1 online resource (xviii, 443 p.) :
Other physical details ill.
650 #0 - SUBJECT ADDED ENTRY--TOPICAL TERM
Topical Term Electronics
Topical Term Organic electronics.
Topical Term Printed circuits.
700 1# - ADDED ENTRY--PERSONAL NAME
Personal name Cicoira, F.
Personal name Santato, Clara.
856 40 - ELECTRONIC LOCATION AND ACCESS
Uniform Resource Identifier http://site.ebrary.com/lib/rucke/Doc?id=10734617
588 ## -
-- Description based on online resource; title from title page (ebrary, viewed August 2, 2013).
922 ## -
-- Innodata Original LCSH LCC DDC

No items available.

© 2026 Rongo University
Contact us: librarian | system librarian | Rongo university